00846nam a2200217 a 450000100060000000300090000600800410001502000150005604000280007108200170009910000270011624500200014326000560016330000110021959000490023065000210027994200120030099900170031295201520032995201470048116122CO-ViMGA141112s2004 ck r 000 u spa d a8476729693 aCO-ViMGAbspacCO-ViMGA04aA861.5 H375f1 aHernandez, Jose92305310aMartín Fierro aBarcelona (España) : bEdicomunicación s.a.1999 a286.p. aForma de adquisición : Premio - Mincultura14aPOESIA ARGENTINA 2ddccBK c26047d26047 00102ddc40708003aMEVIECARbMEVIECARd2015-12-04hVolumen. 1 | 11/jun/2009l0oA861.5 H375f p16122r2015-12-04 00:00:00tEj. 1w2015-12-04yBK 00102ddc40708012aMEGRANADbMEGRANADcLITd2026-03-04eBIBLIOTECA NACIONALl0oP HERpGRDA02165r2026-03-04 19:58:54tEj.1w2026-03-04yBK